SELECTED TOPICS IN VENOUS DISORDERS (Record no. 14022)

MARC details
000 -LEADER
fixed length control field 00416nam a22001697a 4500
003 - CONTROL NUMBER IDENTIFIER
control field OSt
005 - DATE AND TIME OF LATEST TRANSACTION
control field 20211021100553.0
008 - FIXED-LENGTH DATA ELEMENTS--GENERAL INFORMATION
fixed length control field 211021b |||||||| |||| 00| 0 eng d
020 ## - INTERNATIONAL STANDARD BOOK NUMBER
International Standard Book Number 0-87993-154-X
040 ## - CATALOGING SOURCE
Original cataloging agency DDC
Transcribing agency HU
082 ## - DEWEY DECIMAL CLASSIFICATION NUMBER
Edition number 1
Classification number 612.1
Item number 2
100 ## - MAIN ENTRY--PERSONAL NAME
Personal name STRANDNESS D.E.
9 (RLIN) 14802
245 ## - TITLE STATEMENT
Title SELECTED TOPICS IN VENOUS DISORDERS
250 ## - EDITION STATEMENT
Edition statement 1
260 ## - PUBLICATION, DISTRIBUTION, ETC.
Place of publication, distribution, etc. Mount Kisco
Name of publisher, distributor, etc. Futura
Date of publication, distribution, etc. 1981
942 ## - ADDED ENTRY ELEMENTS (KOHA)
Source of classification or shelving scheme Dewey Decimal Classification
Koha item type Books like text book referance book
Suppress in OPAC No
Holdings
Withdrawn status Lost status Source of classification or shelving scheme Damaged status Not for loan Home library Current library Date acquired Total Checkouts Full call number Barcode Date last seen Copy number Price effective from Koha item type
    Dewey Decimal Classification     College of Medicine and Health’s Sciences Library College of Medicine and Health’s Sciences Library 10/21/2021   612.1,S7,1981 CMHSL00003184 10/21/2021 1 10/21/2021 Books like text book referance book
    Dewey Decimal Classification     College of Medicine and Health’s Sciences Library College of Medicine and Health’s Sciences Library 10/21/2021   612.1,S7,1981 CMHSL00003185 10/21/2021 2 10/21/2021 Books like text book referance book